| 000 | 00400cam a2200145ua 4500 | ||
|---|---|---|---|
| 041 |
_aeng _h |
||
| 082 |
_a621.402 _bRAJ/Op |
||
| 100 | _aRajan, G G . | ||
| 245 |
_aOptimising energy efficiencies in industry / _cG G Rajan. _hTextual Documents |
||
| 260 |
_aNew Delhi : _bTata Mc-Graw Hill Publishing Company , _c2001. |
||
| 300 |
_a322 ; _eCD. |
||
| 504 | _a | ||
| 942 | _cBK | ||
| 999 |
_c13272 _d13272 |
||